000 00611nam a22002297a 4500
003 UA-OsUOA
001 6295
007 ta
008 20050810b un ||||| |||| 00| 0 ukr d
100 _aКоваленко Ольга
090 _a378
_bК56
942 _cSA
040 _aUA-OsUOA
_bukr
_cUA-OsUOA
_dUA-OsUOA
245 _aЧи може український студент здобути освіту за рубежем
300 _aС.6
955 _a0
041 _aukr
080 _a378
044 _aUA
773 0 _w0
_tОсвіта України
_d2003
_d25 листопада
650 7 _2UDC
999 _c292457
_d292457